000
00344nam a2200133Ia 4500
008
220217s9999 xx 000 0 und d
245
0
_a
Specification for flexible tubing for medical use.
260
_c
1966
500
_a
Standard number: BS 1882
650
_a
Flexible tubing
650
_a
Medical use
650
_a
Rubber tube
942
_c
ST
999
_c
73033
_d
73033